00876 2200301 4500001002100000005001500021035002000036007000300056008004100059020002200100040002200122082001700144084001900161090002200180100002700202245005500229250003600284300004000320650002000360700002400380850001200404264004000416336002100456337003000477338002300507999002200530990002200552INLIS00000000089720520250618101911 a0010-0625000576ta250618s2015 yoia g p ind d a978-602-73095-4-0 aYOPDYOGbinderda04223a899.2211 a899.2211 FIR d aCB-D.11 2015-30910 aFirsajoningePengarang10aDalam bait doa /cFirsajoning; penyunting, Ana Sue aCetakan Pertama, September 2015 axii, 186 halaman :bgambar ;c19 cm 4aPuisi Indonesia0 aAna SueePenyunting aYOPDYOG31aSleman :bKalimaya Publisher,c2015 2rdacontentateks 2rdamediaatanpa perantara 2rdacarrieravolume aCB-D.11/2015-3091 aCB-D.11/2015-3091